| 000 | 00429nam a22001817a 4500 | ||
|---|---|---|---|
| 003 | OSt | ||
| 008 | 250403b |||||||| |||| 00| 0 eng d | ||
| 020 | _a9788131533444 | ||
| 082 |
_a005.7 _bBAC |
||
| 100 | _aBASTA,Alfred | ||
| 245 | _aCyber Security and Penetration Testing | ||
| 250 | _a2nd Ed | ||
| 260 |
_aNew Delhi _bCengage _c2023 |
||
| 300 | _a376 | ||
| 700 | _aBASTA,Nadine | ||
| 700 | _aBROWN,Mary | ||
| 942 |
_2ddc _cBK |
||
| 999 |
_c13232 _d13232 |
||